Устройства механизированных и автоматизированных сортировочных горок: справочник

Bibliografiske detaljer
Hovedforfatter: Сагайтис В. С. Витольд Степанович
Andre forfattere: Соколов В. Н. Владимир Николаевич
Sprog:russisk
Udgivet: Москва, Транспорт, 1988
Udgivelse:2-е изд., перераб. и доп.
Fag:
Format: Bog
KOHA link:https://koha.lib.tpu.ru/cgi-bin/koha/opac-detail.pl?biblionumber=82178

MARC

LEADER 00000nam0a2200000 4500
001 82178
005 20231031095557.0
010 |a 5277000879 
020 |a RU  |b 88-45597 
035 |a (RuTPU)RU\TPU\book\88324 
090 |a 82178 
100 |a 20050928d1988 km a0rusy5003 ca 
101 0 |a rus 
102 |a RU 
105 |a a g 000zy 
200 1 |a Устройства механизированных и автоматизированных сортировочных горок  |e справочник  |f В. С. Сагайтис, В. Н. Соколов 
205 |a 2-е изд., перераб. и доп. 
210 |a Москва  |c Транспорт  |d 1988 
215 |a 207,[1] с.  |c ил.  |d 21 см 
610 1 |a сортировочные горки 
610 1 |a справочники 
610 1 |a механизированные горки 
610 1 |a вагонные замедлители 
610 1 |a воздухопроводы 
610 1 |a компрессоры 
610 1 |a компрессорные станции 
675 |a 656.21(035.5)  |z rus 
700 1 |a Сагайтис  |b В. С.  |g Витольд Степанович  |4 070 
701 1 |a Соколов  |b В. Н.  |g Владимир Николаевич  |4 070 
801 0 |a RU  |b RuMRKP  |c 19950417  |g psbo 
801 1 |a RU  |b 63413507  |c 20050928  |g PSBO 
801 2 |a RU  |b 63413507  |c 20051215  |g PSBO 
942 |c BK